| 000 | 00524cam a2200205ua 4500 | ||
|---|---|---|---|
| 001 | 1056 | ||
| 005 | 20260515113253.0 | ||
| 008 | 110427n ii |||gr||||Z||||||eng | ||
| 040 | _cMAIN | ||
| 082 | _a324.2075 | ||
| 245 | 1 |
_aManifesto of the communist party. _cBy Karl Marx. |
|
| 250 | _a1st. | ||
| 260 |
_aMosco.: _bProgress publishers. |
||
| 300 | _a103 p.:0 cm. | ||
| 653 | _aPolitical science. | ||
| 653 | _aManifesto of the communist party. | ||
| 700 | 1 | _aMarx, Karl., | |
| 700 | 1 | _aEngels, Frederick., | |
| 942 | _cBK | ||
| 999 |
_c972 _d972 |
||